| 000 | 00731nam a22002297a 4500 | ||
|---|---|---|---|
| 003 | UA-OsUOA | ||
| 001 | 74179 | ||
| 007 | ta | ||
| 008 | 20110328b un ||||| |||| 00| 0 ukr d | ||
| 090 |
_a7.071.:39(477) _bЕ88 |
||
| 942 | _cBK | ||
| 040 |
_aUA-OsUOA _bukr _cUA-OsUOA _dUA-OsUOA |
||
| 245 |
_aЕтнографічні мотиви у творчості Зеновія Кецало _cвідп. ред. С.Павлюк, член-кор. НАН України, проф. |
||
| 300 | _a176 с. | ||
| 955 | _a2 | ||
| 041 | _aukr | ||
| 080 | _a7.071.:39(477) | ||
| 020 | _a978-966-325-115-8 | ||
| 260 |
_aЛьвів _bАфіша _c2008 |
||
| 650 | 7 |
_a7.0 Загальні питання мистецтва _2UDC |
|
| 999 |
_c360467 _d360467 |
||